[Event "SR 2. liga A 2015/2016"]
[Site "?"]
[Date "2015.11.07"]
[Round "3.3"]
[White "Puchart, Vladimir"]
[Black "Petrik, Karol"]
[Result "1/2-1/2"]
[WhiteElo "2018"]
[BlackElo "2056"]
[PlyCount "107"]
[EventDate "2015.??.??"]

1. d4 g6 2. c4 Bg7 3. e4 c5 4. d5 d6 5. Nc3 Nf6 6. Be2 O-O 7. Bg5 a6 8. Qd2 b5
9. cxb5 axb5 10. Bxb5 Qa5 11. f3 Ba6 12. Bxa6 Qxa6 13. Nge2 Nbd7 14. O-O Rfb8
15. Rab1 Rb4 16. Kh1 Rab8 17. Be3 Ne5 18. b3 h5 19. h3 Kh7 20. f4 Ned7 21. e5
Ne4 22. Nxe4 Rxe4 23. e6 fxe6 24. Ng3 exd5 25. Nxe4 dxe4 26. f5 gxf5 27. Rxf5
Nf6 28. Rbf1 Qd3 29. Qf2 c4 30. Bg5 e3 31. Qxe3 Qxe3 32. Bxe3 cxb3 33. axb3
Rxb3 34. Bd4 Kg6 35. R5f3 Rxf3 36. Rxf3 e5 37. Bb2 Bh6 38. Kg1 Ne4 39. Ba3 d5
40. Be7 d4 41. Bd8 Be3+ 42. Kh1 d3 43. Ba5 d2 44. Bxd2 Bxd2 45. g4 hxg4 46.
hxg4 Bf4 47. Kg2 Kg5 48. Kh3 Nf6 49. Rf1 e4 50. Rb1 e3 51. Rb5+ Kg6 52. Kg2 Bg5
53. Kf3 Nd7 54. Rxg5+ 1/2-1/2

[Event "SR 2. liga A 2015/2016"]
[Site "?"]
[Date "2015.11.07"]
[Round "3.3"]
[White "Krajnak, Robert"]
[Black "Doucha, Ludvig"]
[Result "1-0"]
[WhiteElo "2064"]
[BlackElo "1967"]
[PlyCount "69"]
[EventDate "2015.??.??"]

1. c4 Nf6 2. Nc3 g6 3. Nf3 Bg7 4. g3 O-O 5. Bg2 d6 6. O-O e5 7. d3 Nbd7 8. Bd2
h6 9. Qc2 Kh7 10. Rfc1 Nh5 11. Be1 f5 12. Nd2 c6 13. Rab1 Nc5 14. b4 Ne6 15. a4
Nf6 16. a5 d5 17. a6 Nd4 18. Qa2 e4 19. b5 Qd7 20. Nb3 Nxb3 21. Qxb3 d4 22.
axb7 Bxb7 23. Na4 cxb5 24. Nc5 Qc6 25. cxb5 Qd5 26. Nxb7 Qxb7 27. Rc6 Rab8 28.
Qc4 Rbd8 29. Rc7 Qb6 30. Bb4 Rg8 31. Ra1 Nd5 32. Rcxa7 Nc3 33. R1a6 Qxb5 34.
Qf7 Qxb4 35. Qxg6+ 1-0

[Event "SR 2. liga A 2015/2016"]
[Site "?"]
[Date "2015.11.07"]
[Round "3.3"]
[White "Kolenak, Matus"]
[Black "Goga, Frantisek"]
[Result "1-0"]
[WhiteElo "2002"]
[BlackElo "1969"]
[PlyCount "59"]
[EventDate "2015.??.??"]

1. d4 Nf6 2. Nf3 g6 3. c4 Bg7 4. g3 O-O 5. Bg2 d6 6. O-O c5 7. Nc3 Nc6 8. d5
Na5 9. Qd3 a6 10. e4 Rb8 11. Bf4 Nh5 12. Bg5 b5 13. cxb5 c4 14. Qe3 axb5 15.
Nd4 Bd7 16. Rad1 Re8 17. Bh6 Bh8 18. f4 b4 19. Nce2 Bg4 20. Bf3 Bh3 21. Bxh5
Bxf1 22. Rxf1 Qb6 23. f5 c3 24. fxg6 hxg6 25. Qf2 Bf6 26. g4 Nc4 27. g5 Nd2 28.
gxf6 Nxf1 29. fxe7 Rxe7 30. Qf6 1-0

[Event "SR 2. liga A 2015/2016"]
[Site "?"]
[Date "2015.11.07"]
[Round "3.3"]
[White "Jelenciak, Jozef"]
[Black "Mosny, Jaroslav"]
[Result "1/2-1/2"]
[WhiteElo "1863"]
[BlackElo "1972"]
[PlyCount "70"]
[EventDate "2015.??.??"]

1. e4 e5 2. Nf3 d6 3. d4 exd4 4. Qxd4 Nc6 5. Bb5 Nge7 6. Bg5 Bd7 7. Bxc6 Nxc6
8. Qc3 f6 9. Be3 d5 10. a3 dxe4 11. Nfd2 Bd6 12. Nc4 Qe7 13. Nbd2 O-O 14. Nxd6
cxd6 15. Qc4+ Kh8 16. Qxe4 Qf7 17. O-O Rfe8 18. Qf4 Ne5 19. Ne4 Bc6 20. Rad1
Qg6 21. Ng3 Rad8 22. Bxa7 Qxc2 23. Rd2 Qa4 24. Qxa4 Bxa4 25. Rc1 Bc6 26. h3 d5
27. Bd4 Nc4 28. Re2 Kg8 29. Rce1 Kf7 30. Rxe8 Rxe8 31. Rxe8 Bxe8 32. Nf5 Bd7
33. Ne3 Ke6 34. Nxc4 dxc4 35. h4 g5 1/2-1/2

[Event "SR 2. liga A 2015/2016"]
[Site "?"]
[Date "2015.11.07"]
[Round "3.4"]
[White "Gasa, Andrej"]
[Black "Balogh, Peter"]
[Result "1/2-1/2"]
[WhiteElo "2337"]
[BlackElo "2105"]
[PlyCount "68"]
[EventDate "2015.??.??"]

1. c4 Nf6 2. Nc3 e5 3. g3 d5 4. cxd5 Nxd5 5. Bg2 Nb6 6. Nf3 Nc6 7. a3 Be7 8.
O-O O-O 9. d3 Be6 10. b4 a5 11. b5 Nd4 12. Bb2 Bb3 13. Qd2 Nc4 14. Qc1 Nxf3+
15. Bxf3 Bg5 16. e3 Qxd3 17. Be2 Qf5 18. h4 Bd8 19. a4 c6 20. Ba3 Nxa3 21. Qxa3
Be6 22. bxc6 bxc6 23. Qc5 Qh3 24. Rfd1 Bb3 25. Rdc1 Qe6 26. Bf3 Rc8 27. Rab1
Be7 28. Qxa5 Ba3 29. Rf1 Ra8 30. Qb6 Rab8 31. Qxc6 Qxc6 32. Bxc6 Rfc8 33. Nb5
Bxa4 34. Nxa3 Bxc6 1/2-1/2

[Event "SR 2. liga A 2015/2016"]
[Site "?"]
[Date "2015.11.07"]
[Round "3.4"]
[White "Domany, Zsofia"]
[Black "Jozefek, Michal"]
[Result "0-1"]
[WhiteElo "2154"]
[BlackElo "2213"]
[PlyCount "106"]
[EventDate "2015.??.??"]

1. e4 c5 2. Nf3 d6 3. d4 cxd4 4. Nxd4 Nf6 5. Nc3 Nc6 6. Bg5 e6 7. Qd2 a6 8.
O-O-O Bd7 9. f3 b5 10. Kb1 Be7 11. h4 h6 12. Be3 h5 13. Bd3 Ne5 14. Qf2 b4 15.
Nce2 a5 16. Nc1 Qc7 17. Qe2 a4 18. f4 Neg4 19. Nb5 Qa5 20. Bd2 Rb8 21. c4 Bxb5
22. cxb5 O-O 23. Rhf1 d5 24. e5 Nd7 25. Qe1 Nc5 26. Be2 Ne4 27. Bd3 Nxd2+ 28.
Qxd2 g6 29. g3 a3 30. Nb3 Qa7 31. Rf3 Rfc8 32. Rc1 Rxc1+ 33. Qxc1 Nh2 34. Re3
axb2 35. Kxb2 Rb7 36. Re2 Ng4 37. Rc2 Ne3 38. Rc8+ Kg7 39. Kb1 Nf5 40. Qe1 Qa4
41. Rc2 Rxb5 42. Bxb5 Qxb5 43. Nc1 Bc5 44. Rb2 Ne3 45. Qe2 Nc4 46. Nb3 Qb6 47.
Nxc5 Qxc5 48. Rb3 Na3+ 49. Rxa3 bxa3 50. Qd3 Qb4+ 51. Qb3 Qxb3+ 52. axb3 d4 53.
b4 d3 0-1

[Event "SR 2. liga A 2015/2016"]
[Site "?"]
[Date "2015.11.07"]
[Round "3.4"]
[White "Bury, Rastislav"]
[Black "Takacs, Laszlo"]
[Result "1/2-1/2"]
[WhiteElo "2134"]
[BlackElo "2153"]
[PlyCount "85"]
[EventDate "2015.??.??"]

1. d4 Nf6 2. Nf3 g6 3. g3 Bg7 4. Bg2 O-O 5. c4 d5 6. cxd5 Nxd5 7. O-O Nd7 8. e4
N5b6 9. Nc3 e5 10. Bg5 f6 11. Be3 exd4 12. Nxd4 Ne5 13. Qb3+ Kh8 14. Rad1 Qe7
15. h3 c6 16. Qc2 f5 17. exf5 Bxf5 18. Nxf5 Rxf5 19. Rfe1 Qf7 20. Ne4 Qc4 21.
Qxc4 Nexc4 22. b3 Nxe3 23. Rxe3 Rd5 24. Red3 Rad8 25. Rxd5 Rxd5 26. Rxd5 Nxd5
27. Nd6 Nb4 28. Nxb7 Nxa2 29. Bxc6 Bd4 30. Kf1 Kg7 31. Nd6 Kf6 32. f4 h6 33.
Kg2 Ke6 34. Ne4 a5 35. Kf3 Nc1 36. Ba4 Bb6 37. Nd2 Bc7 38. Be8 g5 39. fxg5 hxg5
40. Bb5 Ke5 41. Bc4 Kd4 42. Ne4 Bd8 43. Bf7 1/2-1/2

[Event "SR 2. liga A 2015/2016"]
[Site "?"]
[Date "2015.11.07"]
[Round "3.4"]
[White "Cibulka, Vladimir"]
[Black "Spacek, Oliver"]
[Result "1-0"]
[WhiteElo "2166"]
[BlackElo "2198"]
[PlyCount "106"]
[EventDate "2015.??.??"]

1. d4 Nf6 2. Nf3 g6 3. Bf4 Bg7 4. e3 d6 5. Be2 Nh5 6. Bg5 h6 7. Bh4 g5 8. Bg3
Nxg3 9. hxg3 c6 10. Nc3 Qb6 11. Rb1 Nd7 12. Nd2 Qc7 13. Nde4 d5 14. Nd2 b5 15.
a4 b4 16. Na2 a5 17. c4 Ba6 18. Nc1 O-O 19. Ncb3 e5 20. Rc1 Qb6 21. cxd5 cxd5
22. Bxa6 Rxa6 23. Nf3 e4 24. Nfd2 f5 25. Nc5 Ra7 26. Nxd7 Rxd7 27. Nb3 f4 28.
gxf4 gxf4 29. Nc5 Rd6 30. Qb3 Qa7 31. Nxe4 Rdd8 32. O-O Qf7 33. Nd2 Qg6 34. Nf3
h5 35. Rc5 fxe3 36. fxe3 Qe4 37. Nd2 Rxf1+ 38. Nxf1 h4 39. Qc2 Qg4 40. Rxa5 Rd6
41. Ra8+ Kf7 42. Qc8 Re6 43. Qd7+ Kg6 44. Rg8 Kf6 45. Qxd5 h3 46. Qf3+ Qxf3 47.
gxf3 Kf7 48. Rb8 Rg6+ 49. Kh2 Rg2+ 50. Kxh3 Rxb2 51. Kg4 Bf8 52. a5 Ra2 53. Rb5
Bd6 1-0

[Event "SR 2. liga A 2015/2016"]
[Site "?"]
[Date "2015.11.07"]
[Round "3.4"]
[White "Gasa, Patrik"]
[Black "Kalmar, Tamas"]
[Result "1-0"]
[WhiteElo "2098"]
[BlackElo "2025"]
[PlyCount "77"]
[EventDate "2015.??.??"]

1. d4 d5 2. c4 e6 3. Nf3 Nf6 4. e3 c6 5. Bd3 Be7 6. O-O Nbd7 7. Nbd2 O-O 8. b3
b6 9. Bb2 Bb7 10. Qe2 Rc8 11. Rfd1 Qc7 12. Rac1 Qb8 13. e4 Rfd8 14. e5 Ne8 15.
Nf1 g6 16. Ne3 Nc7 17. cxd5 Nxd5 18. Nxd5 cxd5 19. h4 Rxc1 20. Bxc1 Rc8 21. Bg5
Bf8 22. h5 Rc7 23. Bd2 Qc8 24. Ng5 Nb8 25. Qg4 Ba6 26. Bb1 Nc6 27. Rc1 Nxe5 28.
Qf4 Rxc1+ 29. Bxc1 f6 30. Nxh7 Kxh7 31. dxe5 f5 32. hxg6+ Kg8 33. g4 Bg7 34.
gxf5 exf5 35. Bxf5 Qe8 36. Bb2 Bb7 37. Qh4 d4 38. Qh7+ Kf8 39. Ba3+ 1-0

[Event "SR 2. liga A 2015/2016"]
[Site "?"]
[Date "2015.11.07"]
[Round "3.4"]
[White "Dolnik, Attila"]
[Black "Ocko, Martin"]
[Result "1-0"]
[WhiteElo "2166"]
[BlackElo "2038"]
[PlyCount "79"]
[EventDate "2015.??.??"]

1. e4 c5 2. c3 d5 3. exd5 Qxd5 4. d4 e6 5. Nf3 Nf6 6. Bd3 Nc6 7. O-O Be7 8. Na3
a6 9. Nc4 Qd8 10. dxc5 Bxc5 11. Bg5 h6 12. Bh4 Be7 13. Qe2 b5 14. Nce5 Nxe5 15.
Nxe5 Bb7 16. Bxb5+ Kf8 17. Bxf6 Bxf6 18. Rfd1 Bd5 19. Nd7+ Kg8 20. Ba4 Qa5 21.
Bb3 Rd8 22. Nxf6+ gxf6 23. Bxd5 Rxd5 24. Rxd5 exd5 25. b4 Qc7 26. Rc1 Qf4 27.
Rd1 Kg7 28. Qxa6 Re8 29. Qd3 Ra8 30. Qxd5 Ra3 31. g3 Qg4 32. Rd4 Qg6 33. Qc4 h5
34. Rd8 Qb1+ 35. Kg2 Rxa2 36. Qd3 Qc1 37. Qd6 Ra1 38. Qf8+ Kh7 39. Qxf7+ Kh6
40. Qxf6+ 1-0

[Event "SR 2. liga A 2015/2016"]
[Site "?"]
[Date "2015.11.07"]
[Round "3.4"]
[White "Pericka, Tomas"]
[Black "Veselsky, Jozef"]
[Result "0-1"]
[WhiteElo "2008"]
[BlackElo "2075"]
[PlyCount "48"]
[EventDate "2015.??.??"]

1. e4 c5 2. Nf3 Nc6 3. Bb5 g6 4. O-O Bg7 5. c3 d6 6. h3 Bd7 7. d3 Nf6 8. Be3
O-O 9. Nbd2 a6 10. Ba4 b5 11. Bb3 a5 12. a4 b4 13. Nc4 Qc7 14. Qd2 Rab8 15.
Rab1 Be6 16. Ng5 Bc8 17. f4 Nd7 18. d4 bxc3 19. bxc3 Ba6 20. Ba2 cxd4 21. cxd4
Nb4 22. Rfc1 Nxa2 23. Rxb8 Nxc1 24. Rxf8+ Nxf8 0-1

[Event "SR 2. liga A 2015/2016"]
[Site "?"]
[Date "2015.11.07"]
[Round "3.4"]
[White "Marosi, Csaba"]
[Black "Nemeckay, Rastislav"]
[Result "1/2-1/2"]
[WhiteElo "2014"]
[BlackElo "1995"]
[PlyCount "36"]
[EventDate "2015.??.??"]

1. e4 e5 2. d4 exd4 3. Qxd4 Nc6 4. Qe3 Bb4+ 5. Bd2 Bxd2+ 6. Nxd2 d6 7. O-O-O
Be6 8. a3 Qf6 9. f4 O-O-O 10. f5 Bd7 11. Ngf3 Kb8 12. g4 Ne5 13. Nxe5 Qxe5 14.
Nf3 Qe7 15. Bd3 Nh6 16. Qf4 f6 17. h4 Nf7 18. Bc4 Ne5 1/2-1/2

[Event "SR 2. liga A 2015/2016"]
[Site "?"]
[Date "2015.11.07"]
[Round "3.5"]
[White "Rohacek, Miroslav"]
[Black "Gabris, Ondrej"]
[Result "1/2-1/2"]
[WhiteElo "2294"]
[BlackElo "2211"]
[PlyCount "47"]
[EventDate "2015.??.??"]

1. e4 d5 2. exd5 Nf6 3. Nf3 Qxd5 4. d4 Bg4 5. Be2 Nc6 6. c4 Qh5 7. O-O O-O-O 8.
Be3 e5 9. h3 Kb8 10. d5 Bxf3 11. Bxf3 Qf5 12. Nc3 a6 13. Qb1 Ne7 14. b4 Qxb1
15. Raxb1 Nf5 16. Rfe1 Nxe3 17. Rxe3 Nd7 18. c5 f6 19. Bg4 g6 20. Bd1 Bg7 21.
Re2 f5 22. Bb3 e4 23. Rc2 Ne5 24. Ne2 1/2-1/2

[Event "SR 2. liga A 2015/2016"]
[Site "?"]
[Date "2015.11.07"]
[Round "3.5"]
[White "Madar, Martin"]
[Black "Karas, Marek"]
[Result "0-1"]
[WhiteElo "2130"]
[BlackElo "2263"]
[PlyCount "58"]
[EventDate "2015.??.??"]

1. e4 e6 2. d3 c5 3. Nd2 Nc6 4. Ngf3 b5 5. a4 b4 6. Qe2 d6 7. g3 e5 8. Bg2 Nf6
9. Nf1 Be7 10. Bg5 Be6 11. Bxf6 Bxf6 12. Ne3 O-O 13. O-O g6 14. Nd2 Rb8 15.
Ndc4 Bg7 16. f4 Nd4 17. Qd1 exf4 18. gxf4 Qd7 19. c3 bxc3 20. bxc3 Nc6 21. Qc2
Ne7 22. f5 gxf5 23. exf5 Nxf5 24. Nxf5 Bxf5 25. Nxd6 Bg6 26. Ne4 c4 27. d4 Rfe8
28. Rae1 Qg4 29. Re3 Qh4 0-1

[Event "SR 2. liga A 2015/2016"]
[Site "?"]
[Date "2015.11.07"]
[Round "3.5"]
[White "Sahidi, Samir"]
[Black "Janos, Ivan"]
[Result "1-0"]
[WhiteElo "2242"]
[BlackElo "2077"]
[PlyCount "103"]
[EventDate "2015.??.??"]

1. e4 c5 2. Nf3 Nc6 3. d4 cxd4 4. Nxd4 g6 5. Nc3 Bg7 6. Be3 Nf6 7. Nxc6 bxc6 8.
e5 Nd5 9. Nxd5 cxd5 10. Qxd5 Rb8 11. Bc4 O-O 12. O-O Qc7 13. Bf4 Bb7 14. Qd4
Qc6 15. f3 d6 16. Bb3 Rbd8 17. Qe3 a5 18. a4 d5 19. Rfd1 Bc8 20. Qa7 Ba6 21.
Qxe7 Qb6+ 22. Kh1 Rfe8 23. Qh4 Bxe5 24. Bxe5 Rxe5 25. Re1 Be2 26. Qf4 Rde8 27.
h3 Qf2 28. Rg1 Rf5 29. Qh2 Rxf3 30. gxf3 Bxf3+ 31. Rg2 Re2 32. Rag1 Kg7 33. c3
Rd2 34. Ba2 Rxb2 35. Bxd5 Bxg2+ 36. Bxg2 Qc5 37. Rc1 Qg5 38. Re1 Qd2 39. Qe5+
f6 40. Qc7+ Kh6 41. Rg1 Rc2 42. Qxa5 Rxc3 43. Qb5 Rc2 44. Qb6 Ra2 45. Qxf6 Qb4
46. Bc6 Qb8 47. Qh4+ Kg7 48. Qd4+ Kh6 49. Bg2 Qc7 50. Rf1 Qe7 51. Rf4 Qe1+ 52.
Kh2 1-0

[Event "SR 2. liga A 2015/2016"]
[Site "?"]
[Date "2015.11.07"]
[Round "3.5"]
[White "Michal, Silvio"]
[Black "Kralovic, Andrej"]
[Result "0-1"]
[WhiteElo "2121"]
[BlackElo "2218"]
[PlyCount "64"]
[EventDate "2015.??.??"]

1. c4 e5 2. Nc3 Nc6 3. Nf3 Nf6 4. g3 Bc5 5. Bg2 d6 6. O-O O-O 7. Na4 Re8 8.
Nxc5 dxc5 9. d3 h6 10. b3 Qd6 11. Bb2 Bf5 12. Qd2 Rad8 13. Rfd1 b6 14. Ne1 Qe6
15. Qc3 Nd4 16. Rd2 Bg4 17. f3 Bh3 18. e3 Bxg2 19. Kxg2 Nf5 20. Nc2 a5 21. Rad1
Qc6 22. Re2 e4 23. dxe4 Nh4+ 24. gxh4 Rxd1 25. Rd2 Rd8 26. Rxd8+ Rxd8 27. a3
Qd7 28. b4 axb4 29. axb4 Qd1 30. Nd4 cxd4 31. exd4 Qe2+ 32. Kg1 Ra8 0-1

[Event "SR 2. liga A 2015/2016"]
[Site "?"]
[Date "2015.11.07"]
[Round "3.5"]
[White "Macko, Miroslav"]
[Black "Gazi, Mikulas"]
[Result "1-0"]
[WhiteElo "2067"]
[BlackElo "2082"]
[PlyCount "81"]
[EventDate "2015.??.??"]

1. e4 c5 2. Nf3 Nc6 3. d4 cxd4 4. Nxd4 Nf6 5. Nc3 g6 6. Be3 Bg7 7. Bc4 O-O 8.
f3 Qb6 9. O-O Qxb2 10. Nce2 Qb4 11. Bb3 Na5 12. c3 Qc5 13. Nf5 Qa3 14. Ned4
gxf5 15. Nb5 Qb2 16. Rb1 Qxb1 17. Qxb1 b6 18. e5 Ne8 19. Bc2 e6 20. g4 Bxe5 21.
gxf5 d5 22. f4 Bg7 23. fxe6 fxe6 24. Bxh7+ Kh8 25. Bd3 Bd7 26. Qe1 Nf6 27. Bd4
Nc4 28. Nc7 Rac8 29. Nxe6 Bxe6 30. Qxe6 Rce8 31. Qf5 Nd6 32. Qg6 Nde4 33. Rf3
Re7 34. c4 Nd2 35. Rg3 Nde4 36. Rh3+ Kg8 37. cxd5 Rff7 38. d6 Nxd6 39. Bxf6
Rxf6 40. Rh8+ Kxh8 41. Qh7# 1-0

[Event "SR 2. liga A 2015/2016"]
[Site "?"]
[Date "2015.11.07"]
[Round "3.5"]
[White "Ondercin, Martin"]
[Black "Vrtiakova, Anna"]
[Result "1/2-1/2"]
[WhiteElo "1933"]
[BlackElo "2125"]
[PlyCount "108"]
[EventDate "2015.??.??"]

1. e4 c5 2. Nc3 a6 3. g3 Nc6 4. Bg2 g6 5. d3 Bg7 6. Be3 Nd4 7. Nge2 e6 8. Qd2
Ne7 9. O-O O-O 10. Nd1 d5 11. exd5 Nxd5 12. c3 Nxe3 13. fxe3 Nc6 14. Qc2 Bd7
15. d4 Qe7 16. Nf2 Rac8 17. Rad1 cxd4 18. exd4 Nb4 19. Qd2 Nd5 20. Nf4 Nxf4 21.
Qxf4 Bc6 22. Bxc6 Rxc6 23. Nd3 b5 24. Rfe1 Qa7 25. Qf2 a5 26. a3 Rb8 27. Qf3
Rd6 28. Kg2 h5 29. Ne5 Qc7 30. Nd3 Rd5 31. Re4 Bh6 32. Re5 Rbd8 33. Rde1 Bg7
34. Rxd5 Rxd5 35. Rf1 Qe7 36. Nc5 Bf8 37. Ne4 Bg7 38. Nc5 Bf8 39. Ne4 Bg7 40.
Nc5 Bh6 41. h4 Kg7 42. Qe2 Qe8 43. b4 axb4 44. axb4 Qa8 45. Qf3 Rd8 46. Ne4 f5
47. Nc5 Qxf3+ 48. Kxf3 Kf7 49. Ra1 Bd2 50. Ra7+ Kf6 51. Ra6 Re8 52. d5 Bxc3 53.
Nxe6 Ke5 54. Nc7 Re7 1/2-1/2

[Event "SR 2. liga A 2015/2016"]
[Site "?"]
[Date "2015.11.07"]
[Round "3.5"]
[White "Lintner, Igor Ml"]
[Black "Srna, Jan"]
[Result "1-0"]
[WhiteElo "2128"]
[BlackElo "1939"]
[PlyCount "119"]
[EventDate "2015.??.??"]

1. e4 e6 2. d4 d5 3. Nc3 Bb4 4. e5 c5 5. Qg4 Ne7 6. a3 Ba5 7. Bd2 O-O 8. Bd3
cxd4 9. Qxd4 Nbc6 10. Qh4 Ng6 11. Qxd8 Rxd8 12. f4 a6 13. b4 Bb6 14. Nf3 Nd4
15. Rf1 Bd7 16. Ne2 Nc6 17. Bc3 Rac8 18. Nfd4 Nxd4 19. Bxd4 Bxd4 20. Nxd4 Rc7
21. Kd2 Rdc8 22. g4 Rc3 23. Nb3 R3c7 24. Rae1 Bb5 25. Nd4 Bxd3 26. cxd3 Rc3 27.
f5 Nf8 28. Ra1 R3c7 29. Ra2 Re8 30. Re1 Nd7 31. Nf3 h6 32. Raa1 b5 33. h3 Rec8
34. Rac1 Kf8 35. Rxc7 Rxc7 36. Rc1 Rxc1 37. Kxc1 Ke7 38. Kd2 Nb6 39. Nd4 Kd7
40. Nb3 Na4 41. Ke3 Kc6 42. Kf4 Nc3 43. fxe6 fxe6 44. Nc5 g5+ 45. Ke3 a5 46.
Nxe6 axb4 47. axb4 Na2 48. Nd4+ Kd7 49. Nxb5 Nxb4 50. Kd4 Kc6 51. Nd6 Nc2+ 52.
Kc3 Ne3 53. Nf7 Nd1+ 54. Kd4 Nf2 55. e6 Nxh3 56. Ke5 Nf4 57. Kf6 d4 58. Ne5+
Kd6 59. Nc4+ Kc7 60. e7 1-0

[Event "SR 2. liga A 2015/2016"]
[Site "?"]
[Date "2015.11.07"]
[Round "3.5"]
[White "Kosnac, Patrik"]
[Black "Sklars, Tomas"]
[Result "1-0"]
[WhiteElo "1742"]
[BlackElo "2010"]
[PlyCount "52"]
[EventDate "2015.??.??"]

1. d4 Nf6 2. c4 g6 3. Nc3 Bg7 4. e4 d6 5. f4 e5 6. fxe5 dxe5 7. d5 O-O 8. Nf3
Bg4 9. Bd3 h6 10. O-O Nh7 11. Qe1 Nd7 12. h3 Bxf3 13. Rxf3 Nc5 14. Bc2 a5 15.
Qf2 b6 16. Be3 Nb7 17. Nb5 Qe7 18. Rf1 Nd8 19. c5 Rb8 20. a4 c6 21. dxc6 Nxc6
22. cxb6 Ng5 23. Rg3 Ne6 24. Bb3 Rb7 25. Bd5 Rc8 26. Na7 Ncd8 1-0

[Event "SR 2. liga A 2015/2016"]
[Site "?"]
[Date "2015.11.07"]
[Round "3.6"]
[White "Sosovicka, Juraj"]
[Black "Bronis, Marian"]
[Result "1/2-1/2"]
[WhiteElo "2201"]
[BlackElo "2129"]
[PlyCount "51"]
[EventDate "2015.??.??"]

1. b3 d6 2. Bb2 e5 3. d4 exd4 4. Nf3 c5 5. c3 dxc3 6. Nxc3 Nf6 7. e4 Be7 8. Bc4
O-O 9. O-O Bg4 10. h3 Bh5 11. Qd2 Nc6 12. Qf4 Bxf3 13. Qxf3 Nd4 14. Qd3 a6 15.
Nd5 b5 16. Nxe7+ Qxe7 17. Bxd4 cxd4 18. Bd5 Nxd5 19. exd5 Qe5 20. Rfe1 Qxd5 21.
Re4 Rad8 22. Rxd4 Qe6 23. Rd1 Rfe8 24. Rxd6 Rxd6 25. Qxd6 g6 26. Qd4 1/2-1/2

[Event "SR 2. liga A 2015/2016"]
[Site "?"]
[Date "2015.11.07"]
[Round "3.6"]
[White "Sosovicka, Matej"]
[Black "Biro, Karol"]
[Result "1-0"]
[WhiteElo "2131"]
[BlackElo "2087"]
[PlyCount "91"]
[EventDate "2015.??.??"]

1. e4 b6 2. d4 e6 3. Bd3 d5 4. c3 Nf6 5. e5 Nfd7 6. Ne2 Ba6 7. Bc2 c5 8. Nd2
Nc6 9. Nf3 Be7 10. O-O h6 11. Be3 Qc7 12. a3 Bxe2 13. Qxe2 c4 14. Nd2 Na5 15.
f4 g6 16. Kh1 h5 17. Nf3 O-O-O 18. Ng5 Rdf8 19. Nxf7 Rxf7 20. Bxg6 Rf5 21. Rf3
Qc6 22. Rh3 h4 23. g4 Rff8 24. f5 Rhg8 25. Qc2 Nxe5 26. Bh6 Nxg6 27. fxg6 Re8
28. Re1 Nb7 29. Rhe3 Nd8 30. g7 Bf6 31. Qh7 e5 32. g5 Bxg7 33. Bxg7 Qd7 34.
Rxe5 Rxe5 35. Rxe5 Rxg7 36. Qxh4 Re7 37. Qh8 Rxe5 38. Qxe5 Qe6 39. Kg2 Qxe5 40.
dxe5 Ne6 41. h4 Kd7 42. Kf3 Ng7 43. Kg4 Ke6 44. h5 Kxe5 45. h6 Ne6 46. h7 1-0

[Event "SR 2. liga A 2015/2016"]
[Site "?"]
[Date "2015.11.07"]
[Round "3.6"]
[White "Petreje, Juraj"]
[Black "Oprea, Erik"]
[Result "0-1"]
[WhiteElo "2085"]
[BlackElo "2071"]
[PlyCount "118"]
[EventDate "2015.??.??"]

1. d4 d6 2. Nf3 c6 3. Bf4 Nf6 4. h3 Qb6 5. Qc1 Nbd7 6. e3 g6 7. c3 Bg7 8. Nbd2
Qc7 9. Be2 O-O 10. Bh2 Re8 11. O-O b5 12. a4 bxa4 13. Rxa4 Nb6 14. Ra3 a5 15.
Qa1 Bb7 16. Qa2 a4 17. Ra1 Nfd7 18. Bd1 c5 19. Bxa4 Nxa4 20. Rxa4 Rxa4 21. Qxa4
Bc6 22. Qc2 Rb8 23. b3 Qb7 24. Ra3 Qb5 25. d5 Bb7 26. c4 Qb6 27. Bg3 Re8 28.
Ne4 Nb8 29. Nc3 Na6 30. Nb5 Bxd5 31. Nxd6 exd6 32. cxd5 Nb4 33. Qc4 Qc7 34. Ra4
Qe7 35. Bh4 Bf6 36. Bg3 Rd8 37. Ra5 Qb7 38. e4 Qe7 39. Rb5 Re8 40. e5 dxe5 41.
Rxc5 e4 42. Qxb4 exf3 43. gxf3 Qe2 44. Kg2 Qd1 45. d6 Re1 46. Bh2 Rh1 47. Qc4
Qe1 48. Rc7 Rxh2+ 49. Kxh2 Qxf2+ 50. Kh1 Qxf3+ 51. Kg1 Be5 52. Rc8+ Kg7 53. d7
Qg3+ 54. Kf1 Qxh3+ 55. Ke1 Qh1+ 56. Kd2 Qh2+ 57. Qe2 Bf4+ 58. Kd3 Qg3+ 59. Kc4
Bc7 0-1

[Event "SR 2. liga A 2015/2016"]
[Site "?"]
[Date "2015.11.07"]
[Round "3.6"]
[White "Sosovicka, Jakub"]
[Black "Mandak, Miroslav"]
[Result "0-1"]
[WhiteElo "1895"]
[BlackElo "2002"]
[PlyCount "84"]
[EventDate "2015.??.??"]

1. e4 c5 2. Nf3 e6 3. d4 cxd4 4. Nxd4 a6 5. Nc3 Qc7 6. Bd3 Nc6 7. Be3 Nf6 8.
O-O b5 9. Kh1 Bb7 10. a3 Be7 11. f4 Na5 12. Qf3 Nc4 13. Bxc4 Qxc4 14. Rae1 Bxa3
15. bxa3 Qxc3 16. Bf2 Rc8 17. Nf5 exf5 18. exf5+ Kf8 19. Qxb7 Qc6 20. Qa7 h5
21. Qd4 h4 22. h3 d5 23. Re5 Qxc2 24. Rfe1 Qc6 25. Re7 Rc7 26. Qe5 Rxe7 27.
Qxe7+ Kg8 28. Bc5 Kh7 29. Qd6 Rc8 30. Qxc6 Rxc6 31. Bf2 Rc3 32. Re3 d4 33. Rxc3
dxc3 34. Kg1 Nd5 35. Be1 c2 36. Bd2 Nc3 37. Kf1 Na2 38. Ke2 c1=Q 39. Bxc1 Nxc1+
40. Kd2 Nb3+ 41. Kc3 Na5 42. Kb4 Nb7 0-1

[Event "SR 2. liga A 2015/2016"]
[Site "?"]
[Date "2015.11.07"]
[Round "3.6"]
[White "Kebis, Milos"]
[Black "Szollos, Ondrej"]
[Result "1/2-1/2"]
[WhiteElo "1937"]
[BlackElo "2047"]
[PlyCount "71"]
[EventDate "2015.??.??"]

1. c4 Nf6 2. d4 d6 3. Nf3 Bg4 4. Nbd2 c6 5. e4 e5 6. Be2 Qc7 7. O-O Be7 8. b3
O-O 9. Bb2 Nbd7 10. Re1 Rfe8 11. h3 Bh5 12. Qc2 Rac8 13. Nf1 Qb8 14. Ng3 Bg6
15. Rad1 a6 16. Nh4 d5 17. Nxg6 hxg6 18. dxe5 Nxe5 19. f4 Nxc4 20. bxc4 Qxf4
21. Bxf6 Bxf6 22. Qb3 dxe4 23. Rf1 Qc7 24. Bg4 Rb8 25. Rd7 Qe5 26. Ne2 b6 27.
Kh1 Qc5 28. a4 Re7 29. Rxe7 Bxe7 30. Nf4 Bd6 31. Be2 Qe5 32. Qg3 Bc5 33. Rd1 a5
34. Bg4 g5 35. Ne2 f6 36. Bd7 1/2-1/2

[Event "SR 2. liga A 2015/2016"]
[Site "?"]
[Date "2015.11.07"]
[Round "3.6"]
[White "Ochrana, Ladislav"]
[Black "Faltan, Peter"]
[Result "1-0"]
[WhiteElo "1933"]
[BlackElo "1990"]
[PlyCount "135"]
[EventDate "2015.??.??"]

1. e4 e5 2. Bc4 Nc6 3. Nf3 Bc5 4. Nc3 Nf6 5. O-O d6 6. d3 Bg4 7. Be3 Bd4 8. Kh1
Qd7 9. Qe2 a6 10. Nd1 Bxe3 11. Qxe3 Bxf3 12. Qxf3 Nd4 13. Qg3 O-O 14. c3 Ne6
15. Qh3 g6 16. Bxe6 fxe6 17. Ne3 Nh5 18. Nc4 Rf7 19. d4 exd4 20. cxd4 Qc6 21.
Nd2 Nf4 22. Qe3 Raf8 23. f3 Qb5 24. b3 Qe2 25. Qf2 b5 26. Rad1 Qxf2 27. Rxf2
Nd3 28. Re2 Nb4 29. Nf1 Rd7 30. Ne3 Nc6 31. Rc2 Nb4 32. Rcd2 Rc8 33. a3 Nc6 34.
Rc2 Nd8 35. Rdc1 c6 36. b4 Rdc7 37. Kg1 Kf7 38. Kf2 Ke8 39. d5 c5 40. dxe6 Nxe6
41. Nd5 Rf7 42. Ke3 c4 43. a4 Rb7 44. a5 Rd8 45. Rd1 Kd7 46. Rcd2 Kc6 47. Nb6
Nc7 48. f4 Ne8 49. g4 Re7 50. Kf3 Nf6 51. Rd4 Kb7 52. h3 Rde8 53. Re1 Re6 54.
g5 Nh5 55. Nd5 Rf8 56. h4 Rfe8 57. Re2 Kc6 58. Kg4 Rxe4 59. Rdxe4 Rxe4 60. Rxe4
Kxd5 61. Re7 Kc6 62. f5 gxf5+ 63. Kxh5 d5 64. Kh6 d4 65. Kxh7 d3 66. g6 d2 67.
g7 d1=Q 68. Re6+ 1-0

[Event "SR 2. liga A 2015/2016"]
[Site "?"]
[Date "2015.11.07"]
[Round "3.6"]
[White "Mikulasek, Viktor"]
[Black "Kosegi, Marek"]
[Result "1/2-1/2"]
[WhiteElo "1821"]
[BlackElo "1901"]
[PlyCount "33"]
[EventDate "2015.??.??"]

1. e4 c5 2. Nf3 d6 3. d4 cxd4 4. Nxd4 Nf6 5. Nc3 a6 6. Bd3 g6 7. Bg5 Bg7 8. Qd2
h6 9. Bh4 Nbd7 10. f4 Qb6 11. Nb3 Qc7 12. O-O b5 13. Rae1 e6 14. e5 dxe5 15.
fxe5 Ng4 16. Be4 Bb7 17. h3 1/2-1/2

[Event "SR 2. liga A 2015/2016"]
[Site "?"]
[Date "2015.11.08"]
[Round "4.1"]
[White "Sosna, Jan"]
[Black "Privara, Igor"]
[Result "1-0"]
[WhiteElo "2336"]
[BlackElo "2182"]
[PlyCount "79"]
[EventDate "2015.??.??"]

1. d4 d5 2. Nf3 Nf6 3. Bf4 c5 4. e3 Nc6 5. c3 Qb6 6. Qb3 c4 7. Qxb6 axb6 8. Be2
Bf5 9. O-O e6 10. Nh4 Bxb1 11. Rfxb1 Be7 12. h3 Ne4 13. Nf3 O-O 14. Ne1 Rfc8
15. f3 Nd6 16. Nc2 Ra7 17. Re1 b5 18. a3 f6 19. Rad1 Rd8 20. e4 Raa8 21. exd5
exd5 22. Bf1 Nf5 23. g4 Bd6 24. Bxd6 Nxd6 25. Bg2 Kf8 26. f4 Ne8 27. Kf2 Nc7
28. Ne3 Rd7 29. Re2 Re8 30. Rde1 g6 31. h4 Ree7 32. g5 f5 33. h5 Nd8 34. Rh1
Nde6 35. Rh4 Ng7 36. Bf3 gxh5 37. Bxh5 Nxh5 38. Rxh5 Re4 39. Ng2 Kg7 40. Rh6
1-0